| 000 | 00522nam a22001697a 4500 | ||
|---|---|---|---|
| 005 | 20251108165247.0 | ||
| 008 | 250721s1994 xx 000 0 ara d | ||
| 082 | 1 | 4 | _a613.954/طيب |
| 100 | 1 | _aالطيبي، عكاشه عبد المنان | |
| 245 | 1 | 0 | _aأسرار المرأة و حياتها الخاصة / |
| 264 | 1 |
_aعمان : _bدار الإسراء للنشر و التوزيع، _c1994. |
|
| 300 | _a142ص. | ||
| 650 | 1 | 7 | _aصحة المرأة |
| 650 | 1 | 7 | _aالحمل |
| 942 |
_2ddc _cBK |
||
| 999 |
_c23485 _d23485 |
||